| 000 | 02170cam a22002294a 4500 | ||
|---|---|---|---|
| 005 | 20250605164408.0 | ||
| 008 | 250528s ||||||||||||||||||||||||d | ||
| 035 | _a24898 | ||
| 020 | _a9789605460686 | ||
| 040 |
_aGR-AtMCL _bgre _dGR-AtMCL _eAACR2 |
||
| 245 | 1 | _aΕισαγωγή στη Γνωσιακή Συμπεριφοριστική Θεραπεία / Τεχνικές και Εφαρμογές | |
| 260 |
_bΠεδίο, _c2012 |
||
| 300 | _a464 | ||
| 520 | _aΤο βιβλίο αυτό αποτελεί μια ολοκληρωμένη εισαγωγή στη γνωσιακή συμπεριφοριστική θεραπεία (ΓΣΘ), μια από τις πλέον δημοφιλείς ψυχοθεραπευτικές προσεγγίσεις. Πρόλογος, Βασική Θεωρία και Ανάπτυξη και Σύγχρονη Κατάσταση της ΓΣΘ, Χαρακτηριστικά Γνωρίσματα της ΓΘΣ, Η Θεραπευτική Σχέση, Αξιολόγηση και Διαμνόρφωση Περίπτωσης, Μετρήσεις στη ΓΘΣ, Βοηθώντας τους Πελάτες να Γίνουν Θεραπευτές του Εαυτο΄υ τους, Η Σωκρατική Μέθοδος, Γνωσιακές Τεχνικές, Συμπεριφορικά Πειράματα, Σωματικές Τεχνικές, Η Πορεία της Θεραπείας, Κατάθλιψη, Αγχώδεις Διαταραχές, Αγχώδεις Διαταραχές: Συγκεκριμένα Μοντέλα και Θεραπευτικά Πρωτόκολλα, Ευρύτερες Περιοχές της ΓΘΣ, Εναλλακτικές Μέθοδοι Εφαρμογής, Εξελίξεις στη ΓΘΣ, Αξιολόγησ της Πρακτικής της ΓΘΣ, Η Χρήση της Εποπτείας στη ΓΘΣ, Παράρτημα, Βιβλιογραφία. | ||
| 700 | 1 |
_aKennerly Helen _98223 |
|
| 700 | 1 |
_aWestbrook David _97275 |
|
| 700 | 1 |
_aΕυθυμίου Κωνσταντίνος _99648 |
|
| 700 | 1 |
_aΚαλαντζή-Αζίζι Αναστασία _9164 |
|
| 942 | _cBK | ||
| 999 |
_c9733 _d9733 |
||